Guess The Movie/Show From a Shot - Statistics

General Stats
  • This quiz has been taken 130 times
    108 since last reset
  • The average score is 64 of 175
Answer Stats
Picture Hint Answer % Correct
1999 Fight Club
79%
1997 Titanic
79%
2009 Avatar
77%
2016 Deadpool
77%
1994 The Lion King
77%
2000 Gladiator
74%
2016 La La Land
74%
2023 Oppenheimer
74%
2023 The Super Mario Bros. Movie
74%
2021 Dune
73%
1994 Forrest Gump
73%
1989 The Simpsons
73%
2016 Stranger Things
71%
2014 The Lego Movie
71%
2005 The Office
71%
2008 Breaking Bad
70%
2017 It
70%
2019 Joker
70%
2010 Toy Story 3
70%
2023 Barbie
68%
2010 Megamind
68%
1972 The Godfather
68%
2021 Squid Game
67%
1994 The Mask
65%
2024 Deadpool & Wolverine
64%
2003 Elf
64%
1976 Rocky
64%
1999 SpongeBob SquarePants
64%
2013 The Wolf of Wall Street
64%
2014 Guardians of the Galaxy
62%
2004 The Incredibles
62%
2009 Up
62%
2024 Wicked
62%
2014 Interstellar
61%
2018 Spider-Man: Into The Spider-Verse
61%
2008 The Dark Knight
61%
1992 Aladdin
59%
1982 ET
59%
1981 Raiders of the Lost Ark
59%
1999 The Matrix
59%
1998 The Truman Show
59%
2006 Cars
58%
1997 Good Will Hunting
58%
2001-2003 The Lord of the Rings (Trilogy)
58%
2003-2004 Kill Bill
56%
1998 Saving Private Ryan
56%
2022 The Batman
56%
2000 American Psycho
55%
1999 Family Guy
55%
2007 Ratatouille
55%
1999 Tarzan
55%
2019 Avengers: Endgame
52%
2012 Gravity Falls
50%
1979 Alien
47%
2014 Big Hero 6
47%
2000 Cast Away
47%
2008 Iron Man
47%
2014 John Wick
45%
2011-2017 Planet of the Apes (Modern Trilogy)
45%
2018 A Quiet Place
44%
2005 Avatar: The Last Airbender
44%
1994 The Shawshank Redemption
44%
2017 Baby Driver
42%
2010 Inception
42%
2007 Spider-Man 3
42%
2021 Spider-Man: No Way Home
42%
1991 Terminator 2: Judgment Day
42%
1999 The Green Mile
42%
2023 The Last Of Us
42%
1988 Die Hard
41%
2014 The Flash
41%
2010 The Walking Dead
39%
2000 X-Men
39%
2018 Deadpool 2
38%
2017 Logan
38%
2001 Ocean's Eleven
38%
2019 Parasite
38%
1996 Scream
38%
2022 Uncharted
38%
2012 21 Jump Street
36%
2021 Free Guy
36%
2022 Bullet Train
35%
2006 Death Note
35%
1996 Happy Gilmore
35%
2010 Shutter Island
35%
1980 Star Wars: The Empire Strikes Back
35%
2013 Man of Steel
33%
2023 Spider-Man: Across The Spider-Verse
33%
2007 Superbad
33%
1996 The Hunchback of Notre Dame
33%
1999 The Sixth Sense
33%
2021 The Suicide Squad
33%
2018 Avengers: Infinity War
32%
1994 Dumb and Dumber
32%
1960 Psycho
32%
2012 Django Unchained
30%
1999 Futurama
30%
1975 Jaws
30%
2016 Split
30%
2002 28 Days Later
29%
2004 50 First Dates
29%
2016 Captain America: Civil War
29%
2015 Daredevil
29%
2011 Drive
29%
2019 Knives Out
29%
2024 The Fall Guy
29%
2004 Anchorman: The Legend of Ron Burgundy
27%
1989 Batman
27%
2005 Batman Begins
27%
1995 Braveheart
27%
2021 Invincible
27%
2013 Prisoners
27%
2019 The Boys
27%
2010 The Social Network
27%
2008 Tropic Thunder
27%
2009 Zombieland
27%
2003 Bruce Almighty
26%
1977 Star Wars: A New Hope
24%
1982 Blade Runner
23%
1993 Jurassic Park
23%
2010 Kick Ass
23%
2001 Monster, Inc.
23%
2004 Napoleon Dynamite
23%
2010 Scott Pilgrim vs. the World
23%
1995 Se7en (Seven)
23%
2011 Crazy Stupid Love
21%
2000 Memento
21%
2011 Moneyball
21%
1976 Taxi Driver
21%
1995 Billy Madison
20%
1997 Face/Off
20%
2017 Blade Runner 2049
18%
2008 Step Brothers
18%
2018 The Green Book
18%
2019 Glass
17%
2011 In Time
17%
2005 Star Wars: Revenge Of the Sith
17%
2000 Unbreakable
17%
1992 Wayne's World
17%
2007 Blades of Glory
15%
2024 Heretic
15%
1990 Home Alone
15%
2010 Regular Show
15%
2002 Signs
14%
1989 Uncle Buck
14%
2010 127 Hours
12%
1995 A Goofy Movie
12%
2024 A Real Pain
12%
1997 Con Air
12%
2015 The Big Short
12%
2015 Daddy's Home
11%
2004 Eternal Sunshine of the Spotless Mind
11%
2022 Glass Onion
11%
1990 Misery
9%
2002 Mr. Deeds
9%
2006 Talladega Nights: The Ballad of Ricky Bobby
9%
1996 The Cable Guy
9%
2010 The Other Guys
9%
1999 Being John Malkovich
8%
1991 Boyz N the Hood
8%
2010 Buried
8%
2004 Collateral
6%
2005 Fun with Dick and Jane
6%
2022 Gray Man
6%
2020 Space Force
6%
1984 Gremlins
5%
2007 I Now Pronounce You Chuck & Larry
5%
2007 No Country for Old Men
5%
2014 The Cobbler
5%
2022 The Unbearable Weight of Massive Talent
5%
2024 Transformer's One
5%
2008 Max Payne
3%
2008 The Happening
3%
2024 Die Hart 2
0%
2013 Gangster Squad
0%
No matching quizzes found
Score Distribution
Percent of People with Each Score
Percentile by Number Answered
Your Score History
You have not taken this quiz since the last reset